000 006470000a22002290004500
003 LK-CoMWRAF
005 20231109144848.0
008 230817t1990 ||||| |||| 00| 0 eng d
020 _a8170412870
040 _aLK-CoMWRAF
_dLK-CoMWRAF
_eLK-CoMWRAF
041 _aeng
082 _a339.46
_bSHA
100 _aSharma, Aroon
245 _aConcept and measurement of poverty
260 _aNew Delhi:
_bAnmol Publications,
_c1990
300 _axiv, 128 p. ; 23 cm.
_bBibliography included
650 _aPOVERTY-Measurement
650 _aPoverty -India
650 _aEconomic conditions-India
650 _aSocial conditions-India
942 _cBK
999 _c1836
_d1836